00489nam a2200193 a 4500001001300000003000900013005001700022008004100039020001000080082001700090100002400107245002200131260004000153300000900193500003500202505001400237650002000251700002400271nice12345678IN_TiNIC20260116011418.0050524s1959 hyda grp 000 0 urd  ac6.500a922.97bMEH1 aMehr, Ghulam Rasool aTabarrukat-E-Azad aHyderabadbOsmania Universityc1959 a396p aincludes index and biblioraphy2 areference aAbul Kalam Azad1 aMehr, Ghulam Rasool